A case study of expeller production of soybean flour in India
Сохранить в:
| Главный автор: | |
|---|---|
| Формат: | |
| Язык: | Undetermined |
| Опубликовано: |
Illinois
1974,INTSOY
|
| Предметы: | |
| Метки: |
Добавить метку
Нет меток, Требуется 1-ая метка записи!
|
| Thư viện lưu trữ: | Trung tâm Học liệu Trường Đại học Cần Thơ |
|---|
| LEADER | 00508nam a2200169Ia 4500 | ||
|---|---|---|---|
| 001 | CTU_38939 | ||
| 008 | 210402s9999 xx 000 0 und d | ||
| 082 | |a 664.726 | ||
| 082 | |b W727 | ||
| 100 | |a S W Williams | ||
| 245 | 2 | |a A case study of expeller production of soybean flour in India | |
| 245 | 0 | |c S W Williams, K L Rathod | |
| 260 | |a Illinois | ||
| 260 | |b 1974,INTSOY | ||
| 650 | |a soybean flour,soybean products | ||
| 904 | |i Liên, 000515 | ||
| 980 | |a Trung tâm Học liệu Trường Đại học Cần Thơ | ||